| 000 | 00873nam a2200217Ii 4500 | ||
|---|---|---|---|
| 003 | JO-AjNU | ||
| 008 | 230605s9999||||xx |||||||||||||| ||und|| | ||
| 017 | _a2006/4/890 | ||
| 040 |
_aJO-AjNU _bara _erda _cJO-AjNU |
||
| 041 | _aara | ||
| 050 | 1 | 4 | _aBF637.C6.M35.2010 |
| 100 | 3 |
_aملحم،محمد سامي, _eauthor _928065 |
|
| 245 | 0 | 0 | _aمبادئ التوجيه والإرشاد النفسي |
| 250 | _aط2 | ||
| 264 | 3 | 1 | _aعمان:دار المسيرة للنشر والتوزيع والطباعة ،2010 |
| 300 |
_a496ص _bالتعريف بمصطلحات التوجيه ،الارشاد،والعلاج النفسي من ص463-ص480 |
||
| 336 |
_atext _btxt _2rdacontent |
||
| 337 |
_aunmediated _bn _2rdamedia |
||
| 338 |
_avolume _bnc _2rdacarrier |
||
| 650 | 4 |
_aالارشاد النفسي-الوعظ والارشاد-علم النفس التربوي _928066 |
|
| 999 |
_aA10839 _c14407 _d14407 |
||